[Event "Aragon-chT Preferente B"]
[Site "Aragon"]
[Date "2015.03.07"]
[Round "7.59"]
[White "Pellicer Cemeli, Jose Luis"]
[Black "Constin Balesescu, Ion"]
[Result "0-1"]
[WhiteElo "2034"]
[BlackElo "1767"]
[PlyCount "60"]
[EventDate "2015.01.24"]
[EventType "team-tourn"]
[EventRounds "9"]
[EventCountry "ESP"]
[SourceTitle "EXT 2017"]
[Source "ChessBase"]
[SourceDate "2016.10.25"]
[SourceVersion "1"]
[SourceVersionDate "2016.10.25"]
[SourceQuality "1"]
[WhiteTeam "La Aurora Estadilla"]
[BlackTeam "Tauste II"]
[WhiteTeamCountry "ESP"]
[BlackTeamCountry "ESP"]

1. e4 e5 2. Nf3 Nc6 3. d4 exd4 4. Nxd4 Nxd4 5. Qxd4 d6 6. Nc3 Nf6 7. Bg5 Be7 8. 0-0-0 0-0 9. e5 Ne8 10. Bxe7 Qxe7 11. exd6 Nxd6 12. Nd5 Qd8 13. Nxc7 Qxc7 14. Qxd6 Qa5 15. Bc4 Qg5+ 16. f4 Qxg2 17. Bd5 Qg6 18. Qe5 Qh6 19. Rhg1 g6 20. Qf6 Qg7 21. Qe7 Rb8 22. Bb3 Bf5 23. Rd5 Rfe8 24. Qc7 Rf8 25. Qe7 Be6 26. Rb5 Rfe8 27. Rxb7 Qd4 28. Rxg6+ hxg6 29. Rxb8 Qxf4+ 30. Kd1 Qxb8 0-1

[Event "Aragon-chT Preferente B"]
[Site "Aragon"]
[Date "2015.02.28"]
[Round "6.71"]
[White "Constin Balesescu, Ion"]
[Black "Marcellan Peire, Jesus Eduardo"]
[Result "0-1"]
[WhiteElo "1767"]
[BlackElo "1912"]
[PlyCount "78"]
[EventDate "2015.01.24"]
[EventType "team-tourn"]
[EventRounds "9"]
[EventCountry "ESP"]
[SourceTitle "EXT 2017"]
[Source "ChessBase"]
[SourceDate "2016.10.25"]
[SourceVersion "1"]
[SourceVersionDate "2016.10.25"]
[SourceQuality "1"]
[WhiteTeam "Tauste II"]
[BlackTeam "Ejea"]
[WhiteTeamCountry "ESP"]
[BlackTeamCountry "ESP"]

1. e4 c5 2. Nc3 e6 3. Nf3 a6 4. d4 cxd4 5. Nxd4 Qc7 6. Bd3 Nf6 7. Be3 Bd6 8. Nf3 Nc6 9. a3 Ng4 10. Qd2 Nxe3 11. Qxe3 Bf4 12. Qe2 b6 13. 0-0 Bb7 14. g3 Bd6 15. Rad1 Ne5 16. Rfe1 0-0 17. Nxe5 Bxe5 18. Qd2 Rac8 19. Rb1 b5 20. Ne2 Rfd8 21. c3 d5 22. Qc2 g6 23. Rbc1 Qb6 24. Qb1 Rd7 25. Kf1 Rcd8 26. exd5 Bxd5 27. Be4 Qb7 28. Ng1 Bc4+ 29. Kg2 Qb8 30. Nf3 Bg7 31. h4 Qc7 32. h5 f5 33. Bc2 Qc6 34. Bd1 Bh6 35. hxg6 hxg6 36. Be2 Bxe2 37. Rxe2 Rd3 38. Re3 Bxe3 39. fxe3 Rd2+ 0-1

[Event "Aragon-chT Preferente B"]
[Site "Aragon"]
[Date "2014.02.08"]
[Round "3.67"]
[White "Constin Balesescu, Ion"]
[Black "Marcellan Peire, Jesus Eduardo"]
[Result "0-1"]
[WhiteElo "1781"]
[BlackElo "1886"]
[PlyCount "76"]
[EventDate "2014.01.25"]
[EventType "team-tourn"]
[EventRounds "9"]
[EventCountry "ESP"]
[SourceTitle "EXT 2015"]
[Source "ChessBase"]
[SourceDate "2014.11.20"]
[SourceVersion "1"]
[SourceVersionDate "2014.11.20"]
[SourceQuality "1"]
[WhiteTeam "Tauste II"]
[BlackTeam "Ejea"]
[WhiteTeamCountry "ESP"]
[BlackTeamCountry "ESP"]

1. e4 c5 2. Nf3 e6 3. Nc3 a6 4. a4 Nc6 5. Bc4 Qc7 6. d4 cxd4 7. Nxd4 Nf6 8. 0-0 Be7 9. Nde2 Bd6 10. h3 h5 11. Bd3 Ne5 12. f4 Bc5+ 13. Kh1 Neg4 14. Qe1 b6 15. Nd1 a5 16. c3 Nh6 17. Qg3 Kf8 18. Ne3 Bb7 19. e5 Ne4 20. Qh4 Bxe3 21. Bxe4 Bxe4 22. Bxe3 Nf5 23. Qf2 Rb8 24. Nd4 Qb7 25. Nxf5 Bxf5 26. h4 Rh6 27. Kh2 Bg4 28. Qd2 Qc6 29. Qd4 Rg6 30. Rf2 Rb7 31. Rd2 Ke8 32. Ra3 b5 33. axb5 Rxb5 34. Qa7 Bf5 35. Rxa5 Rxa5 36. Qxa5 Bd3 37. g3 Qf3 38. Bf2 Be4 0-1

[Event "Aragon-chT Preferente B"]
[Site "Aragon"]
[Date "2014.01.25"]
[Round "1.71"]
[White "Constin Balesescu, Ion"]
[Black "Jario Garcia, Ricardo Javier"]
[Result "0-1"]
[WhiteElo "1781"]
[BlackElo "2120"]
[PlyCount "106"]
[EventDate "2014.01.25"]
[EventType "team-tourn"]
[EventRounds "9"]
[EventCountry "ESP"]
[SourceTitle "EXT 2015"]
[Source "ChessBase"]
[SourceDate "2014.11.20"]
[SourceVersion "1"]
[SourceVersionDate "2014.11.20"]
[SourceQuality "1"]
[WhiteTeam "Tauste II"]
[BlackTeam "Marcos Frechin"]
[WhiteTeamCountry "ESP"]
[BlackTeamCountry "ESP"]

1. e4 e6 2. Nf3 d5 3. exd5 exd5 4. d4 Bd6 5. Bd3 Bg4 6. h3 Bh5 7. Nc3 c6 8. Be3 Ne7 9. g4 Bg6 10. Nh4 Nd7 11. f4 Bxd3 12. Qxd3 Qc7 13. Rf1 0-0-0 14. 0-0-0 Rde8 15. Rde1 Nf8 16. Re2 Neg6 17. Ng2 Ne6 18. Ref2 Nd8 19. h4 h5 20. Qf5+ Qd7 21. Qxd7+ Kxd7 22. f5 Nxh4 23. Nxh4 Rxe3 24. Ng2 Rg3 25. gxh5 Rxh5 26. Ne2 Rg4 27. Ne3 Rgh4 28. Kd2 Rh2 29. Rf3 f6 30. Rg1 Rh7 31. Kd3 Nf7 32. b3 Ng5 33. Rff1 R7h3 34. c4 b5 35. cxd5 cxd5 36. a4 b4 37. Rg4 Rxe3+ 38. Kxe3 Rh3+ 39. Kd2 Rxb3 40. Ra1 Rf3 41. Nc1 Rxf5 42. Nd3 Ne6 43. Ke3 Rh5 44. Rf1 a5 45. Rg2 Rh4 46. Nc5+ Bxc5 47. dxc5 Rc4 48. Rd1 Rxc5 49. Rgd2 d4+ 50. Kf3 Rc3+ 51. Rd3 Kc6 52. Ke4 Nc5+ 53. Kxd4 Rxd3+ 0-1